| 000 | 00582nam a22001817a 4500 | ||
|---|---|---|---|
| 999 |
_c21314 _d21314 |
||
| 003 | AR-CdUCM | ||
| 008 | 190226b ||||| |||| 00| 0 spa d | ||
| 040 |
_aMUNICIPALIDAD PROVINCIAL DEL CUSCO _cBIBLIOTECA MUNICIPAL DEL CUSCO |
||
| 082 |
_aEP/869/P21 _bP21 _2Segunda |
||
| 100 |
_aPalomino Gonzales, Niel _94533 |
||
| 245 |
_aCantar del amante labriego / _cNiel Palomino Gonzales |
||
| 260 |
_aCusco ; _bRaimondi, _c2018. |
||
| 300 |
_a63 Páginas ; _c15 cm. |
||
| 650 |
_aLiteratura cusqueña _944476 |
||
| 650 |
_aLiteratura juvenil _91580 |
||
| 942 |
_2ddc _cLIBROS |
||
| 945 | _aRoel | ||